Prueba de Sierra Leona - Estadísticas

Estadísticas generales
  • Esta prueba ha sido intentada 545 veces
  • La puntuación promedio es 11 de 15
Estadísticas de respuestas
Pista Respuesta % Correcto
Idioma oficial Inglés
98%
Países limítrofes Guinea
94%
Países limítrofes Liberia
93%
La religión más común Islam
92%
¿Qué no fue abolido hasta 1928? Esclavitud
90%
El brote de enfermedad que mató a 3.956 personas entre 2013 y 2016 Ebola
89%
Capital Freetown
84%
Imperio del que Sierra Leona formó parte, 1808-1961 Imperio Británico
80%
Con sólo 54,3 años, Sierra Leona tiene la cuarta ________ _ ___ más baja de todos los países. Esperanza de vida
78%
Exportación más importante Diamantes
70%
Película de 2006 sobre el comercio de la respuesta anterior, protagonizada por Leonardo DiCaprio Diamante de sangre
55%
El cultivo básico más importante Arroz
48%
La segunda ciudad más grande (Sólo tiene dos letras) Bo
34%
La capital fue fundada parcialmente como un lugar para los negros que lucharon en el lado leal de esta guerra Revolución Estadounidense
29%
Moneda Leone
26%
No se encontraron pruebas coincidentes
Distribución de puntuación
Porcentaje de gente con cada puntuación
Porcentaje por número respondido
Historial de tus puntuaciones
No has intentado esta prueba.